| 000 | 00633nam a22002057a 4500 | ||
|---|---|---|---|
| 999 |
_c556 _d556 |
||
| 003 | AR-CdUCM | ||
| 008 | 190225b ||||| |||| 00| 0 spa d | ||
| 040 |
_aMUNICIPALIDAD PROVINCIAL DEL CUSCO _cBIBLIOTECA MUNICIPAL DEL CUSCO |
||
| 082 |
_a828.9 / _bW52 |
||
| 100 |
_aWest, Morris _91257 |
||
| 245 | _aEl caso orgagna / | ||
| 260 |
_aBarcelona : _bEditorial Pomaire ; _c1957. |
||
| 300 |
_a246 paginas ; _c20 cm. |
||
| 650 |
_aAventura de un periodista _92163 |
||
| 650 |
_aNovela apasionada _92164 |
||
| 650 |
_aVittotio duque de Orgagna _92165 |
||
| 650 |
_aRichard Ashley _92166 |
||
| 942 |
_2ddc _cLIBROS |
||
| 945 |
_arum _d2019-02-25 |
||